000 00330 a2200157 4500
001 195001
020 _a978-85-16-11464-0
040 _cMagnum
100 _aCarrasco, Walcyr
240 1 0 _aEstrelas tortas
_lpor
245 1 0 _aEstrelas tortas
300 _a100
362 0 _a2018
697 _aLITERATURA JUVENIL
942 _cBK
999 _c195001
_d195001